[Event "23. Schachcomputer Oldie-Turnier U1960"]
[Site "Klingenberg am Main"]
[Date "2022.04.09"]
[Round "7.1"]
[White "Mephisto MM IV + HG440"]
[Black "Saitek Analyst D++  6 MHz"]
[Result "0-1"]
[WhiteElo "1947"]
[BlackElo "1946"]
[Annotator "Helscher,Udo"]
[PlyCount "133"]
[EventDate "2022.04.09"]
[EventType "rapid"]

{Die Spitzenpaarung der siebten und letzten Runde. Der MM IV (HG 440) hat zu
diesem Zeitpunkt 4,5 Punkte und der Saitek D++ 6 MHz 4 Punkte aus 6 Partien.
Gewinnt der MM IV ist er alleiniger Turniersieger, bei einem Sieg von Saitek
D++ ist er ganz vorne mit dabei, muss aber die "Buchholz-Wertung" abwarten, da
der Travel Champion 2080..., Saitek ebenfalls 5 Punkte erreicht hat. In der
"privaten" Aktivschachliste trennen die beiden Programme lediglich einen
Punkt! Man kann also von einer Partie auf Augenhöhe sprechen, leichter
Vorteil für MM IV, da er die weißen Steine führen darf.} 1. d4 d5 2. c4 e6
3. Nc3 Nf6 4. Bg5 Be7 5. e3 O-O 6. Nf3 h6 7. Bh4 b6 8. Rc1 Bb7 9. Be2 dxc4 10.
Bxc4 {*erster berechneter Zug} Nbd7 11. O-O c5 12. dxc5 Nxc5 {*erster
berechneter Zug} 13. Qe2 {Der MM IV weicht dem Damenabtausch aus.} Rc8 14. Ne5
Qc7 {Die Dame greift zwar den Springer an, aber nach Lg3 muss Schwarz wegen
Springerzügen (Sxf7 / Sg6) auf der Hut sein!} 15. Bg3 $16 Nce4 $6 ({nach} 
15... Qd8 {und} 16. Rfd1 {ist die Dame schon wieder bedroht}) ({nach} 15... Ba8
16. Nxf7 $2 ({und nach} 16. Ng6 Qb7 {(droht wieder Matt auf g2)} 17. Nxe7+ Qxe7
$14 {ist noch nichts entschieden.}) ({aber nach} 16. b4 $1 Nce4 17. Nxe4 Nxe4
18. Nxf7 {gewinnt der MM IV bei besserer Stellung einen Bauer!}) 16... Qc6 {
droht ein Matt auf g2!}) 16. Bf4 $2 {Zum Glück für den D++ spielt der MM IV
nicht den Zug ...} (16. Nxe4 $1 Nxe4 17. Nxf7 {und der MM IV sollte früher
oder später die Partie gewinnen!}) 16... Nxc3 $11 17. Rxc3 Bb4 18. Rc2 Bd6 {
Der Läufer "schützt" nun die Dame vor Springerabzügen, und die Drohungen
durch den Turm auf c2 sind nicht "so gefährlich".} 19. Ng6 Rfd8 20. Rfc1 Qc6 {
Droht wieder Matt auf g2!} 21. f3 Bc5 {Wieder "schützt" der schwarze Läufer
seine Dame!} 22. Ne5 Qa4 23. b3 Qa3 24. Bd3 $2 Nd5 $1 $15 {Die Partie hat sich
zu Gunsten von D++ gedreht. D++ droht nun den Läufer auf f4 einzukassieren,
da der Bauer nicht zurückschlagen kann!} 25. Kh1 {Einziger Zug!} (25. Kf1 $2
g5 26. Nc4 (26. Bg3 $4 Nxe3+ 27. Ke1 Nxc2+ $19 {D++ hätte die Qualität und
einen Mehrbauer.}) 26... Qb4 27. Bg3 b5 $1) 25... Nb4 26. Nc4 Qa6 27. Rd2 Nxd3
28. Rxd3 Rxd3 29. Qxd3 Qxa2 {Der D++ hat nun einen Mehrbauer und die
Bauernmehrheit am Damenfügel.} 30. Qd7 Qa6 (30... Ba6) 31. Ne5 Rf8 32. Nd3 Ba3
33. Ra1 {Die Dame ist schon wieder "bedroht"!} Bc6 34. Qxc6 $6 Qxd3 {... und
der Turm kann wegen Matt auf der Grundreihe den Läufer nicht schlagen!} 35.
Qc7 Ra8 36. Qc4 {Der MM IV bietet die Dame zum Abtausch an und hofft im Turm-/
Läuferendspiel die Partie noch Remis zu halten.} Rd8 {Droht wieder Matt auf
der Grundreihe!} 37. g3 (37. h4) 37... Qxc4 38. bxc4 Bb2 39. Ra2 ({nach} 39.
Rxa7 {und} e5 {gewinnt der D++ den Läufer.}) 39... Rd1+ 40. Kg2 Rd2+ 41. Kh3
Bc3 42. Rxa7 $4 {Der MM IV kann dem "vergifteten" Bauer auf a7 nicht
widerstehen!} e5 {Die Partie ist zugunsten von D++ entschieden. Der Rest, so
sollte man meinen, ist nur noch eine Sache der Technik. Aber "unsere Oldies"
haben uns schon immer "überrascht"!} 43. Ra3 Rc2 44. Rxc3 {Der MM IV gibt
noch die Qualität, aber nach ...} Rxc3 45. Bxe5 {... schnappt sich der D++
den Bauer auf c4 und der Freibauer auf der b-Linie kann nur durch Läuferopfer
gestoppt werden.} Rxc4 46. e4 b5 47. Kg4 Rc2 {Der Bauer auf h2 ist einfach zu
verlockend!} 48. Bd6 Rxh2 49. Kf5 Rb2 50. g4 b4 51. f4 b3 52. Be5 Rd2 53. Bc3
g6+ 54. Ke5 Rg2 $6 (54... Rc2) 55. f5 Rc2 {Endlich!} 56. Kd4 gxf5 {Alle Wege
führen nach Rom!} (56... h5) 57. exf5 b2 58. Bxb2 Rxb2 {Die Partie wurde nun
bis zur Anzeige (-9,99) ausgespielt.} 59. Ke4 Kg7 60. Kf4 Kf6 61. Kf3 Kg5 62.
Ke4 Kxg4 63. Kd3 Kxf5 64. Kc3 Ra2 65. Kb3 Rg2 66. Kc4 Ke4 67. Kc5 {-9,99 und
somit Aufgabe} 0-1

[Event "23. Schachcomputer Oldie-Turnier U1960"]
[Site "Klingenberg am Main"]
[Date "2022.04.09"]
[Round "7.2"]
[White "Saitek Travel Champion 2080"]
[Black "Mephisto Amsterdam"]
[Result "1-0"]
[WhiteElo "1922"]
[BlackElo "1934"]
[PlyCount "48"]
[EventDate "2022.04.09"]
[EventType "rapid"]

1. d4 d5 2. Nc3 c6 3. e4 dxe4 4. Nxe4 Bf5 5. Ng3 Bg6 6. Nf3 Nd7 7. Bd3 Bxd3 8.
Qxd3 e6 9. O-O Ngf6 10. Re1 Qc7 11. c4 Bb4 12. Rd1 O-O 13. b3 Bd6 14. Bb2 Rad8
15. Ne4 Nxe4 16. Qxe4 Nf6 17. Qh4 Bf4 18. Ne5 g5 19. Qh3 c5 20. Qh6 Ne4 21. Ng4
cxd4 22. f3 Be5 23. fxe4 f6 24. Rf1 Qg7 1-0

[Event "23. Schachcomputer Oldie-Turnier U1960"]
[Site "Klingenberg am Main"]
[Date "2022.04.09"]
[Round "7.3"]
[White "Mephisto Roma II"]
[Black "Novag Super Expert A 5 MHz"]
[Result "0-1"]
[WhiteElo "1960"]
[BlackElo "1950"]
[PlyCount "138"]
[EventDate "2022.04.09"]
[EventType "rapid"]

1. c4 c5 2. Nc3 Nc6 3. Nf3 Nf6 4. d4 cxd4 5. Nxd4 e6 6. g3 Bb4 7. Nxc6 bxc6 8.
Bg2 O-O 9. O-O Bxc3 10. bxc3 Qa5 11. Qc2 Ba6 12. Rd1 Bxc4 13. Bf4 d5 14. Rdb1
Rad8 15. Rb2 Rd7 16. Rab1 h6 17. a4 Qa6 18. Qd1 Rfd8 19. Qc2 c5 20. Bf3 Qa5 21.
Rb8 Rxb8 22. Rxb8+ Rd8 23. Rb7 Qa6 24. Rb1 Nd7 25. Bc7 Rc8 26. Bf4 e5 27. Be3
e4 28. Bg4 Qc6 29. Bf4 Rf8 30. Bh3 f5 31. Qd1 Qa6 32. Kf1 Nb6 33. Ra1 Nc8 34.
Bg2 Qf6 35. Qd2 Nd6 36. Rb1 d4 37. cxd4 cxd4 38. Qb4 Rd8 39. Bxd6 Bxe2+ 40.
Kxe2 d3+ 41. Ke1 Rxd6 42. Qb8+ Rd8 43. Qb3+ Kh8 44. Qc4 d2+ 45. Kd1 g5 46. Qc5
Qf7 47. h3 Kg8 48. Bf1 Kh7 49. Be2 Rd5 50. Qc6 Rd7 51. Qb5 Rd8 52. Bh5 Qf6 53.
Rb2 Qc3 54. Qxf5+ Kh8 55. Rb1 Rc8 56. Qxe4 Qc1+ 57. Rxc1 dxc1=Q+ 58. Ke2 Rc2+
59. Kf3 Qh1+ 60. Ke3 Qe1+ 61. Kd4 Qc3+ 62. Kd5 Qc6+ 63. Ke5 Rc5+ 64. Kd4 Rc4+
65. Kd3 Qxe4+ 66. Kd2 Rc2+ 67. Kd1 Qd3+ 68. Ke1 Rc1+ 69. Bd1 Rxd1# 0-1

[Event "23. Schachcomputer Oldie-Turnier U1960"]
[Site "Klingenberg am Main"]
[Date "2022.04.09"]
[Round "7.4"]
[White "Mephisto Modena"]
[Black "Mephisto Mega IV"]
[Result "0-1"]
[WhiteElo "1957"]
[BlackElo "1949"]
[PlyCount "112"]
[EventDate "2022.04.09"]
[EventType "rapid"]

1. c4 c5 2. Nf3 Nc6 3. d4 cxd4 4. Nxd4 Nf6 5. Nc3 e6 6. Ndb5 d6 7. Bf4 e5 8.
Bg5 a6 9. Bxf6 gxf6 10. Na3 Be6 11. e3 f5 12. Be2 Bg7 13. O-O Rc8 14. Qd2 Ne7
15. Rad1 Rc6 16. Rfe1 h6 17. Nd5 Bxd5 18. cxd5 Rc5 19. Qb4 b5 20. e4 fxe4 21.
Qxe4 O-O 22. Nb1 f5 23. Qd3 e4 24. Qb3 Qa8 25. Rd2 Rfc8 26. Red1 Be5 27. Na3
Qb7 28. Nc2 Kh8 29. Na1 Rc1 30. Nc2 Rxd1+ 31. Rxd1 Ng6 32. Nd4 Nf4 33. Bf1 Qf7
34. Ne6 Qh5 35. h3 Ne2+ 36. Bxe2 Qxe2 37. a3 e3 38. fxe3 Rc2 39. Qxc2 Qxc2 40.
Rf1 Qxb2 41. Rxf5 Qxa3 42. Rf8+ Kh7 43. Kf2 Qa2+ 44. Kf1 Qd2 45. e4 Qd1+ 46.
Kf2 b4 47. Rb8 b3 48. Nf8+ Kg7 49. Ne6+ Kg6 50. Nf8+ Kg5 51. Ne6+ Kh4 52. g3+
Kxh3 53. Nf4+ Kh2 54. Ne2 b2 55. Ke3 b1=Q 56. Rxb1 Qxb1 0-1

[Event "23. Schachcomputer Oldie-Turnier U1960"]
[Site "Klingenberg am Main"]
[Date "2022.04.09"]
[Round "7.5"]
[White "Fidelity Elite Privat Glasgow"]
[Black "Chafitz Sargon ARB 4.0 24 MHz"]
[Result "0-1"]
[WhiteElo "1842"]
[BlackElo "1960"]
[PlyCount "122"]
[EventDate "2022.04.09"]
[EventType "rapid"]

1. b3 e5 2. Bb2 Nc6 3. e3 d5 4. Nc3 d4 5. Na4 Bf5 6. Nf3 Nf6 7. Bb5 Qd5 8. c4
dxc3 9. Nxc3 Qd6 10. O-O e4 11. Bxc6+ bxc6 12. Nd4 Bg6 13. f4 c5 14. Ndb5 Qd7
15. f5 Bh5 16. Qc2 Be7 17. Na3 Qd3 18. Ncb5 Qxc2 19. Nxc2 O-O-O 20. Nxa7+ Kb7
21. g4 Bxg4 22. Nb5 Be2 23. Nca3 Bxf1 24. Rxf1 c6 25. Nc3 Rxd2 26. Nc4 Rc2 27.
a4 Rd8 28. Rc1 Rxc1+ 29. Bxc1 Rb8 30. Nb1 g6 31. fxg6 Rg8 32. Nbd2 Rxg6+ 33.
Kh1 Rh6 34. Kg2 Rh4 35. Bb2 Ka6 36. Be5 Rg4+ 37. Bg3 Rg7 38. Nf1 Nh5 39. Kh1 f5
40. Be5 Rg8 41. Nfd2 Nf6 42. Bf4 Nd5 43. Bg3 Nb6 44. Ne5 Bd6 45. Nxc6 Bxg3 46.
hxg3 Rxg3 47. Nf1 Rg7 48. Nd8 Rg6 49. Nf7 c4 50. bxc4 Nxc4 51. Kh2 Ka5 52. Kh1
Rf6 53. Nd8 Kb6 54. Ng3 Nxe3 55. Kg1 Kc7 56. Nh5 Rg6+ 57. Kf2 Ng4+ 58. Ke2 Kxd8
59. Ng3 Nh6 60. Nxe4 Re6 61. Kd3 fxe4+ 0-1

[Event "23. Schachcomputer Oldie-Turnier U1960"]
[Site "Klingenberg am Main"]
[Date "2022.04.09"]
[Round "7.6"]
[White "Mephisto MM II 7.4 MHz"]
[Black "Novag Aquamarine Super Nova"]
[Result "0-1"]
[WhiteElo "1892"]
[BlackElo "1922"]
[PlyCount "124"]
[EventDate "2022.04.09"]
[EventType "rapid"]

1. d4 Nf6 2. c4 d6 3. Nc3 g6 4. e4 Bg7 5. Nf3 Nc6 6. d5 Ne5 7. Nxe5 dxe5 8. Be2
e6 9. f4 exf4 10. Bxf4 exd5 11. Nb5 O-O 12. Nxc7 Rb8 13. Nb5 Qa5+ 14. Kf1 dxc4
15. Bxb8 Qxb5 16. e5 Nd7 17. Bxa7 Qxb2 18. Bxc4 Nxe5 19. Bd4 Qb4 20. Be2 Rd8
21. Rb1 Qxd4 22. Qxd4 Rxd4 23. Ke1 Ra4 24. Rc1 Be6 25. Rc7 Bd5 26. Rg1 Rxa2 27.
Rc8+ Bf8 28. Rd8 Bc4 29. Bxc4 Nxc4 30. Rc8 Ne3 31. g4 Kg7 32. Rxf8 Kxf8 33. Rg3
Nc4 34. Rc3 b5 35. Rh3 Ne5 36. Rxh7 Nxg4 37. h3 Ne3 38. Rh8+ Ke7 39. Rb8 Rb2
40. Rb6 b4 41. Rc6 b3 42. Rb6 f6 43. Rc6 Nd5 44. Kd1 Rb1+ 45. Rc1 Nc3+ 46. Kd2
Ne4+ 47. Kd1 Rb2 48. Rc4 Nf2+ 49. Kc1 Re2 50. Rc7+ Kd6 51. Rb7 b2+ 52. Kb1 Nd3
53. Rb3 Re1+ 54. Kc2 Ke5 55. Rb8 Kd4 56. Rd8+ Kc5 57. Rc8+ Kd5 58. Rd8+ Kc6 59.
Rb8 f5 60. Rb3 g5 61. Kxd3 b1=Q+ 62. Rxb1 Rxb1 0-1